00491nam a2200133Ia 4500008004100000024005900041082001700100100009600117245003600213260002600249600003200275650003300307999001700340260210s9999 xx 000 0 und d a15B-103-EL, 15B-100-EL, 15B-93-EL & 15B-121-EL a006.3072 MUH aMuhammad Mohid Khan, Syed Ali Abbas Rizvi, Syed Muhammad Ali Shah & Marium Masood Hasan 0aAI Based Robotic Vacuum Cleaner aKarachi:bUITU,c2015 aComputer System Engineering aBachelor of Engineering (BE) c32770d32770